[Event "POL-ch Universities"]
[Site "Lublin"]
[Date "2024.02.24"]
[Round "5"]
[White "Chaczynski, Kamil"]
[Black "Brozyna, Mateusz"]
[Result "1-0"]
[WhiteElo "2118"]
[BlackElo "2259"]
[PlyCount "109"]
[EventDate "2024.02.23"]
[EventType "swiss"]
[EventRounds "9"]
[EventCountry "POL"]
[SourceTitle "CB10_2024"]
[SourceDate "2024.03.06"]
[SourceVersion "1"]
[SourceVersionDate "2024.03.06"]
[SourceQuality "1"]

1. e4 e5 2. Nf3 Nc6 3. Bb5 a6 4. Ba4 Nf6 5. d3 b5 6. Bb3 Be7 7. 0-0 0-0 8. a4 Rb8 9. axb5 axb5 10. c3 d6 11. Re1 h6 12. h3 Re8 13. d4 Bf8 14. Be3 exd4 15. cxd4 Rxe4 16. d5 Ne5 17. Nc3 Nxf3+ 18. Qxf3 Re8 19. Ba7 Ra8 20. Bd4 Bd7 21. Rac1 b4 22. Ne2 Ba4 23. Bc4 Qd7 24. Ng3 Nh7 25. Nf5 Rxe1+ 26. Rxe1 Re8 27. Rxe8 Qxe8 28. Bd3 Ng5 29. Nxh6+ Kh8 30. Qh5 f6 31. Nf7+ Kg8 32. Bg6 Qxf7 33. Bxf7+ Nxf7 34. Qe2 c5 35. dxc6 Bxc6 36. Qc4 Bd7 37. Qxb4 Be6 38. Qb8 Bd5 39. b4 Ng5 40. b5 Ne6 41. Be3 f5 42. g3 g5 43. b6 f4 44. gxf4 gxf4 45. Bd2 Nd4 46. Ba5 Nf3+ 47. Kf1 Bc4+ 48. Kg2 Nh4+ 49. Kg1 Nf3+ 50. Kh1 Bd5 51. Qc7 Ne5+ 52. Kg1 Nf3+ 53. Kf1 Nh2+ 54. Ke2 f3+ 55. Ke1 1-0

[Event "POL-chT 2nd League"]
[Site "Jastrzebia Gora"]
[Date "2023.09.02"]
[Round "1.25"]
[White "Chaczynski, Kamil"]
[Black "Seifert, Harald"]
[Result "0-1"]
[WhiteElo "2165"]
[BlackElo "2106"]
[PlyCount "86"]
[EventDate "2023.09.02"]
[EventType "team-swiss"]
[EventRounds "9"]
[EventCountry "POL"]
[SourceTitle "EXT 2024"]
[Source "ChessBase"]
[SourceDate "2023.10.10"]
[SourceVersion "1"]
[SourceVersionDate "2023.10.10"]
[SourceQuality "1"]
[WhiteTeam "Zakrzewo Korona"]
[BlackTeam "Marklowice Hetman"]
[WhiteTeamCountry "POL"]
[BlackTeamCountry "POL"]

1. e4 e6 2. d4 d5 3. Nd2 c5 4. Ngf3 Nc6 5. exd5 exd5 6. dxc5 Bxc5 7. Nb3 Bb6 8. Be2 Nf6 9. c3 0-0 10. 0-0 h6 11. Nbd4 Bg4 12. Be3 Re8 13. a4 Rc8 14. Rc1 Bxd4 15. Nxd4 Bxe2 16. Nxe2 Ng4 17. Bf4 Qb6 18. Rc2 Rcd8 19. Rd2 Nf6 20. b4 Re4 21. Be3 Rxe3 22. a5 Qc7 23. fxe3 Ng4 24. Rf4 Nxe3 25. Qe1 Re8 26. Qf2 Nc4 27. Ra2 N6e5 28. Qd4 Nc6 29. Qf2 N6e5 30. Qg3 Re6 31. h4 Rg6 32. Qh3 h5 33. Rd4 Ng4 34. Nf4 Nce3 35. Nxd5 Nxd5 36. Rxd5 Re6 37. g3 Re3 38. Qf1 Qe7 39. Qf4 Re1+ 40. Kg2 Re2+ 41. Rxe2 Qxe2+ 42. Kg1 Qh2+ 43. Kf1 Qh1+ 0-1

[Event "Bydgoszcz op-A"]
[Site "Bydgoszcz"]
[Date "2023.06.30"]
[Round "7"]
[White "Chaczynski, Kamil"]
[Black "Karut, Kacper"]
[Result "1/2-1/2"]
[WhiteElo "2123"]
[BlackElo "1954"]
[PlyCount "120"]
[EventDate "2023.06.24"]
[EventType "swiss"]
[EventRounds "9"]
[EventCountry "POL"]
[SourceTitle "CBM 215 Extra"]
[Source "ChessBase"]
[SourceDate "2023.09.30"]
[SourceVersion "1"]
[SourceVersionDate "2023.09.30"]
[SourceQuality "1"]

1. e4 c5 2. Nf3 Nc6 3. Bb5 d5 4. exd5 Qxd5 5. Nc3 Qe6+ 6. Qe2 Qxe2+ 7. Nxe2 Bd7 8. d3 a6 9. Ba4 e6 10. Bd2 Nf6 11. 0-0 Be7 12. c3 0-0 13. Bc2 Rfd8 14. Rfe1 Nd5 15. d4 cxd4 16. Nexd4 Nxd4 17. Nxd4 Bf6 18. Nb3 Ba4 19. Be4 Rac8 20. Rad1 Rd7 21. Bc1 Rcd8 22. Nc5 Bxd1 23. Nxd7 Rxd7 24. Rxd1 b5 25. Bf3 Nb6 26. Rxd7 Nxd7 27. g4 h6 28. Be2 Nb6 29. f4 Kf8 30. Kf2 Ke7 31. g5 hxg5 32. fxg5 Be5 33. h4 g6 34. Kf3 Kd6 35. Ke4 Na4 36. h5 Nc5+ 37. Ke3 gxh5 38. Bxh5 Ke7 39. Bd1 Nd7 40. a4 bxa4 41. Bxa4 Nc5 42. Bc2 a5 43. Kf3 Nd7 44. Be3 Bd6 45. Ke4 f5+ 46. gxf6+ Kxf6 47. Kd3 Ne5+ 48. Kd4 Ke7 49. Ba4 Kd8 50. Bb3 Kd7 51. Ke4 Nc6 52. Bb6 Bc7 53. Bxc7 Kxc7 54. Bxe6 Nb8 55. Kd5 Na6 56. Bf5 Kb6 57. Bd7 Nc5 58. Be8 Na6 59. Kc4 Nc5 60. Bb5 Nb7 1/2-1/2

[Event "Bydgoszcz op-A"]
[Site "Bydgoszcz"]
[Date "2023.06.26"]
[Round "3"]
[White "Chaczynski, Kamil"]
[Black "Sowinski, Pawel"]
[Result "0-1"]
[WhiteElo "2123"]
[BlackElo "2291"]
[PlyCount "110"]
[EventDate "2023.06.24"]
[EventType "swiss"]
[EventRounds "9"]
[EventCountry "POL"]
[SourceTitle "CBM 215 Extra"]
[Source "ChessBase"]
[SourceDate "2023.09.30"]
[SourceVersion "1"]
[SourceVersionDate "2023.09.30"]
[SourceQuality "1"]

1. e4 c5 2. Nf3 d6 3. Bb5+ Nd7 4. a4 Ngf6 5. Nc3 a6 6. Be2 e6 7. 0-0 Be7 8. d4 cxd4 9. Qxd4 0-0 10. Rd1 e5 11. Qe3 Ng4 12. Qd2 Ngf6 13. Qe1 h6 14. Nd2 Qc7 15. Nc4 Nc5 16. f3 Be6 17. Ne3 Rac8 18. g4 Rfd8 19. h4 Re8 20. Qg3 Qd8 21. Kg2 Bf8 22. Bd2 Kh8 23. b4 Ncd7 24. a5 Rc7 25. b5 Nc5 26. Rab1 Qc8 27. bxa6 bxa6 28. Rb2 Qa8 29. Be1 Rec8 30. Ncd5 Bxd5 31. exd5 Na4 32. Rb3 Nc3 33. Bxc3 Rxc3 34. Rxc3 Rxc3 35. Rd3 Qc8 36. Qe1 Rc5 37. c4 Qb8 38. Rd1 Qb3 39. Kf2 g6 40. Rb1 Qa2 41. Ra1 Qb3 42. Rb1 Qa4 43. Ra1 Qd7 44. Qb4 Be7 45. h5 Kg7 46. hxg6 fxg6 47. Rh1 Bd8 48. Bd3 Bxa5 49. Qb1 Bd2 50. Ng2 Bg5 51. Qb6 Rc7 52. Qxa6 e4 53. Bxe4 Nxe4+ 54. fxe4 Qxg4 55. Re1 Bh4+ 0-1

[Event "POL-ch Universities"]
[Site "Bydgoszcz"]
[Date "2023.03.11"]
[Round "8"]
[White "Chaczynski, Kamil"]
[Black "Molenda, Marcin"]
[Result "0-1"]
[WhiteElo "2104"]
[BlackElo "2406"]
[PlyCount "88"]
[EventDate "2023.03.10"]
[EventType "swiss"]
[EventRounds "9"]
[EventCountry "POL"]
[SourceTitle "CBM 213 Extra"]
[Source "ChessBase"]
[SourceDate "2023.05.31"]
[SourceVersion "1"]
[SourceVersionDate "2023.05.31"]
[SourceQuality "1"]

1. e4 c5 2. Nf3 d6 3. Bb5+ Bd7 4. Bxd7+ Qxd7 5. 0-0 Nc6 6. c3 Nf6 7. d4 cxd4 8. cxd4 Nxe4 9. d5 Ne5 10. Nxe5 dxe5 11. Re1 Nd6 12. Rxe5 g6 13. Bg5 Nf5 14. Nc3 Bg7 15. Re1 0-0 16. Qd3 Rfe8 17. Rad1 Rac8 18. Bf4 a6 19. h3 b5 20. a3 Bxc3 21. bxc3 Rc4 22. g4 Rxf4 23. gxf5 Rxf5 24. d6 Rg5+ 25. Kh2 exd6 26. Rxe8+ Qxe8 27. Qxd6 Kg7 28. Qd4+ Qe5+ 29. Qxe5+ Rxe5 30. Rd6 a5 31. Ra6 a4 32. Rc6 Re2 33. Kg3 Ra2 34. Rc5 Rxa3 35. Rxb5 Rxc3+ 36. f3 Ra3 37. Ra5 Ra1 38. Ra6 a3 39. Kf4 a2 40. h4 Kf8 41. Ra7 Ke8 42. h5 h6 43. hxg6 fxg6 44. Ra6 h5 0-1

[Event "Poznan op 28th"]
[Site "Poznan"]
[Date "2021.08.15"]
[Round "1"]
[White "Chaczynski, Kamil"]
[Black "Kaczmarek, Jan"]
[Result "1/2-1/2"]
[WhiteElo "2040"]
[BlackElo "1337"]
[PlyCount "90"]
[EventDate "2021.08.15"]
[EventType "swiss"]
[EventRounds "9"]
[EventCountry "POL"]
[SourceTitle "CBM 203 Extra"]
[Source "ChessBase"]
[SourceDate "2021.09.30"]
[SourceVersion "1"]
[SourceVersionDate "2021.09.30"]
[SourceQuality "1"]

1. e4 c5 2. Nf3 g6 3. d4 cxd4 4. Qxd4 Nf6 5. e5 Nc6 6. Qa4 Nd5 7. Bb5 Bg7 8. 0-0 Nc7 9. Re1 Nxb5 10. Qxb5 0-0 11. Nc3 d6 12. Bf4 dxe5 13. Nxe5 Qd4 14. Nxc6 bxc6 15. Qxc6 Bf5 16. Be3 Qg4 17. h3 Qh4 18. Rad1 Rab8 19. Bc5 Rfc8 20. Bxe7 Rxc6 21. Bxh4 Bxc3 22. bxc3 Rxc3 23. Re7 Ra3 24. c4 Rxa2 25. Rc1 Rc8 26. c5 Rc2 27. Rxc2 Bxc2 28. Bf6 a5 29. Ra7 a4 30. f3 Kf8 31. c6 Ke8 32. Re7+ Kf8 33. Rd7 Bf5 34. Rd4 Ke8 35. Kf2 a3 36. c7 Bd7 37. Rc4 Be6 38. Rc1 a2 39. Ke3 Kd7 40. Be5 f6 41. Bxf6 Rxc7 42. Rxc7+ Kxc7 43. Kf4 h5 44. g4 hxg4 45. fxg4 Bb3 1/2-1/2

[Event "POL-ch U18"]
[Site "Szklarska Poreba"]
[Date "2020.03.08"]
[Round "2"]
[White "Pniaczek, Marek"]
[Black "Chaczynski, Kamil"]
[Result "1-0"]
[WhiteElo "2109"]
[BlackElo "1894"]
[PlyCount "39"]
[EventDate "2020.03.07"]
[EventType "swiss"]
[EventRounds "8"]
[EventCountry "POL"]
[SourceTitle "CBM 195 Extra"]
[Source "ChessBase"]
[SourceDate "2020.05.31"]
[SourceVersion "1"]
[SourceVersionDate "2020.05.31"]
[SourceQuality "1"]

1. e4 e6 2. d4 d5 3. Nd2 Nf6 4. e5 Nfd7 5. Bd3 c5 6. c3 Nc6 7. Ne2 cxd4 8. cxd4 f6 9. exf6 Nxf6 10. Nf3 Bd6 11. 0-0 0-0 12. Bf4 Bxf4 13. Nxf4 Ne4 14. Ne2 Rxf3 15. gxf3 Ng5 16. Kh1 Nxf3 17. Bxh7+ Kh8 18. Ng1 Nh4 19. Qh5 Qf6 20. Bd3+ 1-0

[Event "POL-chT U20 2nd League"]
[Site "Sypniewo"]
[Date "2020.??.??"]
[Round "6.7"]
[White "Wysocki, Mateusz"]
[Black "Chaczynski, Kamil"]
[Result "0-1"]
[WhiteElo "1855"]
[BlackElo "1929"]
[PlyCount "94"]
[EventDate "2020.10.23"]
[EventType "team-swiss"]
[EventRounds "9"]
[EventCountry "POL"]
[SourceTitle "CBM 199 Extra"]
[Source "ChessBase"]
[SourceDate "2021.01.31"]
[SourceVersion "1"]
[SourceVersionDate "2021.01.31"]
[SourceQuality "1"]

1. e4 e6 2. d4 d5 3. Nd2 c5 4. Ngf3 Nc6 5. exd5 Qxd5 6. Bc4 Qd8 7. dxc5 Bxc5 8. 0-0 Nf6 9. Nb3 Be7 10. Bf4 0-0 11. Qe2 b6 12. Rfd1 Qe8 13. a4 Bb7 14. a5 Nxa5 15. Nxa5 bxa5 16. Rxa5 Qc8 17. Bd3 Nd5 18. Be5 Bf6 19. Ra4 Bxe5 20. Qxe5 Nf6 21. Rh4 Rd8 22. Re1 Rd5 23. Qg3 Qc5 24. Ne5 h5 25. h3 Rad8 26. Qe3 Qc7 27. Ra4 a5 28. b4 Rxe5 29. Qxe5 Qc6 30. Be4 Qxa4 31. Bxb7 Qxb4 32. Bf3 a4 33. c3 Qb3 34. Qa5 Rc8 35. Ra1 Rxc3 36. Qxa4 Rc1+ 37. Kh2 Qb8+ 38. g3 Rxa1 39. Qxa1 h4 40. Qd4 hxg3+ 41. fxg3 Qc7 42. h4 e5 43. Qd3 Qc5 44. Kg2 Qb4 45. Qc2 g6 46. Be2 Kg7 47. Qd1 e4 0-1

[Event "Poznan op 27th"]
[Site "Poznan"]
[Date "2019.08.23"]
[Round "7"]
[White "Nowak, Mikolaj"]
[Black "Chaczynski, Kamil"]
[Result "1-0"]
[WhiteElo "2281"]
[BlackElo "1770"]
[PlyCount "89"]
[EventDate "2019.08.18"]
[EventType "swiss"]
[EventRounds "9"]
[EventCountry "POL"]
[SourceTitle "EXT 2020"]
[Source "ChessBase"]
[SourceDate "2019.10.17"]
[SourceVersion "1"]
[SourceVersionDate "2019.10.17"]
[SourceQuality "1"]

1. d4 Nf6 2. Bf4 g6 3. Nc3 d5 4. e3 Bg7 5. h4 Bf5 6. Nf3 a6 7. Be2 Nbd7 8. Ne5 h5 9. f3 c5 10. Qd2 Rc8 11. a4 cxd4 12. exd4 Qb6 13. 0-0-0 e6 14. Kb1 Bf8 15. Nxd7 Nxd7 16. Qe1 Ba3 17. Bc1 Bb4 18. Bd2 Nf6 19. g4 hxg4 20. fxg4 Ne4 21. Nxe4 Bxe4 22. Bxb4 Bxc2+ 23. Ka1 Bxd1 24. Bxd1 Rc1+ 25. Ka2 Rxd1 26. Qxd1 Qxb4 27. Rh3 b5 28. axb5 axb5 29. Kb1 Qe7 30. h5 Qf6 31. Qd3 Kf8 32. Rf3 Qg5 33. hxg6 f6 34. Qa3+ Kg7 35. Qe7+ Kxg6 36. Qxe6 Rf8 37. Qe2 b4 38. Rf5 Qh6 39. Qd3 Kf7 40. g5 Qh4 41. Rf1 Qe4 42. Rxf6+ Ke7 43. Qxe4+ dxe4 44. Rxf8 Kxf8 45. Kc2 1-0

[Event "Poznan op 27th"]
[Site "Poznan"]
[Date "2019.08.19"]
[Round "3"]
[White "Orzech, Dominik"]
[Black "Chaczynski, Kamil"]
[Result "0-1"]
[WhiteElo "2339"]
[BlackElo "1770"]
[PlyCount "42"]
[EventDate "2019.08.18"]
[EventType "swiss"]
[EventRounds "9"]
[EventCountry "POL"]
[SourceTitle "EXT 2020"]
[Source "ChessBase"]
[SourceDate "2019.10.17"]
[SourceVersion "1"]
[SourceVersionDate "2019.10.17"]
[SourceQuality "1"]

1. e4 e6 2. d4 d5 3. Bd3 dxe4 4. Bxe4 Nf6 5. Bf3 c6 6. Ne2 Bd6 7. Nbc3 Nbd7 8. 0-0 Qc7 9. Kh1 0-0 10. Bg5 a6 11. a4 b6 12. Qd2 Bb7 13. Rad1 b5 14. Ng3 c5 15. axb5 Bxf3 16. gxf3 cxd4 17. Qxd4 Be5 18. Qb4 Bxc3 19. bxc3 axb5 20. Qxb5 Ra5 21. Bf4 e5 0-1

[Event "POL Olympiad U14"]
[Site "Drzonkow"]
[Date "2017.04.07"]
[Round "8"]
[White "Suder, Jakub"]
[Black "Chaczynski, Kamil"]
[Result "1-0"]
[WhiteElo "1797"]
[BlackElo "1614"]
[PlyCount "119"]
[EventDate "2017.04.02"]
[EventType "swiss"]
[EventRounds "9"]
[EventCountry "POL"]
[SourceTitle "EXT 2020"]
[Source "ChessBase"]
[SourceDate "2019.10.17"]
[SourceVersion "1"]
[SourceVersionDate "2019.10.17"]
[SourceQuality "1"]

1. e4 c6 2. d4 d5 3. Nd2 dxe4 4. Nxe4 Bf5 5. Ng3 Bg6 6. Nf3 Nd7 7. Bd3 Ngf6 8. Bf4 Qa5+ 9. c3 Nd5 10. Bxg6 hxg6 11. Bd2 Qc7 12. Ne4 e6 13. Qc2 N7f6 14. Neg5 Bd6 15. 0-0-0 Ng4 16. Rde1 0-0-0 17. h3 Nh6 18. g3 c5 19. c4 Nb6 20. Ne4 Nd7 21. Bxh6 gxh6 22. Rd1 f5 23. Nxd6+ Qxd6 24. Rhe1 Rhe8 25. Qe2 g5 26. Qe3 Re7 27. Kc2 Qa6 28. Qc3 Qa4+ 29. Kb1 Qa6 30. d5 Nb6 31. b3 Rd6 32. dxe6 Rexe6 33. Qh8+ Kc7 34. Qh7+ Nd7 35. Qxf5 Rf6 36. Qe4 Rde6 37. Qd3 Rd6 38. Qc3 Rxd1+ 39. Rxd1 Qe6 40. Qd3 Rf7 41. g4 Rf4 42. Rc1 b6 43. Rc3 Ne5 44. Nxe5 Qxe5 45. Qh7+ Kd6 46. Re3 Qf6 47. f3 Rd4 48. Kc2 Kc6 49. Qg8 Kb7 50. Qe6 Qh8 51. Qf7+ Kc6 52. Re8 Rd2+ 53. Kxd2 Qb2+ 54. Ke3 Qd4+ 55. Ke2 Qb2+ 56. Kf1 Qb1+ 57. Re1 Qd3+ 58. Re2 Qd1+ 59. Kf2 Qd4+ 60. Kg2 1-0

[Event "POL Olympiad U14"]
[Site "Drzonkow"]
[Date "2017.04.04"]
[Round "4"]
[White "Dixa, Oskar"]
[Black "Chaczynski, Kamil"]
[Result "1-0"]
[WhiteElo "1784"]
[BlackElo "1614"]
[PlyCount "82"]
[EventDate "2017.04.02"]
[EventType "swiss"]
[EventRounds "9"]
[EventCountry "POL"]
[SourceTitle "EXT 2020"]
[Source "ChessBase"]
[SourceDate "2019.10.17"]
[SourceVersion "1"]
[SourceVersionDate "2019.10.17"]
[SourceQuality "1"]

1. e4 c6 2. d4 d5 3. Nc3 dxe4 4. Nxe4 Bf5 5. Ng3 Bg6 6. h4 h6 7. f4 e6 8. Nf3 Nd7 9. h5 Bh7 10. Bd3 Bxd3 11. Qxd3 Ngf6 12. Bd2 Bd6 13. 0-0-0 Qc7 14. Ne5 Rc8 15. Rhe1 0-0 16. Ne4 Nxe4 17. Qxe4 Nf6 18. Qd3 Rfd8 19. g4 Bxe5 20. fxe5 Nxg4 21. Rg1 Nxe5 22. Qg3 Ng6 23. hxg6 Qxg3 24. Rxg3 f6 25. Bc3 Rd5 26. Bb4 Rcd8 27. Rgg1 b6 28. Rge1 Rg5 29. Rxe6 Rc8 30. Rde1 Rxg6 31. Re8+ Rxe8 32. Rxe8+ Kh7 33. Rc8 f5 34. Kd2 Re6 35. c4 a5 36. Bf8 h5 37. d5 cxd5 38. cxd5 Re5 39. d6 h4 40. Be7 h3 41. Rc3 Re4 1-0

[Event "POL Olympiad U14"]
[Site "Drzonkow"]
[Date "2017.04.03"]
[Round "3"]
[White "Chaczynski, Kamil"]
[Black "Koziorowicz, Michal"]
[Result "0-1"]
[WhiteElo "1614"]
[BlackElo "1794"]
[PlyCount "78"]
[EventDate "2017.04.02"]
[EventType "swiss"]
[EventRounds "9"]
[EventCountry "POL"]
[SourceTitle "EXT 2020"]
[Source "ChessBase"]
[SourceDate "2019.10.17"]
[SourceVersion "1"]
[SourceVersionDate "2019.10.17"]
[SourceQuality "1"]

1. c4 f5 2. Nc3 Nf6 3. g3 e5 4. d3 g6 5. Bg2 d6 6. Bg5 h6 7. Bxf6 Qxf6 8. Nf3 Bg7 9. Rb1 c6 10. 0-0 0-0 11. Qd2 Nd7 12. Rfc1 a5 13. Na4 g5 14. e4 f4 15. c5 d5 16. b4 axb4 17. Rxb4 g4 18. Ne1 f3 19. Bf1 d4 20. Nb6 Nxb6 21. cxb6 Be6 22. a4 Ra6 23. Qc2 Rfa8 24. Ra1 Bf8 25. Rb2 Qd8 26. h3 h5 27. Qd1 Rxb6 28. Rxb6 Qxb6 29. Nxf3 gxf3 30. Qxf3 Bf7 31. g4 hxg4 32. Qxg4+ Bg7 33. Be2 Qb3 34. Kh2 Qe6 35. Qg5 Qf6 36. Qg2 b5 37. a5 c5 38. Rc1 c4 39. dxc4 Qf4+ 0-1